Statistiques concernant 10 pays américains les plus peuplés

Cliquez ici pour prendre le quiz!

Statistiques générales

  • Ce quiz a été pris 7,754 fois
  • Le résultat moyen est 9 sur 10

Statistiques - réponses

Population Pays % Correct
324 MioEtats-Unis
100%
209 MioBrésil
98%
129 MioMexique
98%
44,3 MioArgentine
97%
36,6 MioCanada
97%
18,1 MioChili
94%
49,1 MioColombie
92%
32,2 MioPérou
91%
32,0 MioVenezuela
87%
16,9 MioGuatemala
62%

Distribution des résultats

Percentile par nombre de réponses

% des personnes avec chaque résultat

Votre développement - résultats

Vous n’avez pas pris ce quiz